|
|
|
|
| LEADER |
00000nam a22000007a 4500 |
| 001 |
20150707092855.0 |
| 003 |
AR-RoUNA |
| 005 |
20190731123434.0 |
| 008 |
131121s2014 ag ||||| |||| 00| 0 spa d |
| 020 |
|
|
|a 9789871915460
|
| 040 |
|
|
|a AR-RoUNA
|
| 041 |
|
|
|a spa
|
| 044 |
|
|
|a ag
|
| 080 |
|
|
|a 621.3
|
| 100 |
1 |
|
|9 42176
|a Ghia, Andres
|
| 245 |
1 |
0 |
|a Mejoramiento de la utilización y eficiencia de sistemas eléctricos mediante almacenadores de energía /
|c Andrés Ghía & Alberto Del Rosso
|
| 250 |
|
|
|a 1a. ed.
|
| 260 |
|
|
|a Ciudad Autónoma de Buenos Aires :
|b FODECO,
|c 2014.
|
| 300 |
|
|
|a 68 p. :
|c 29x21 cm.
|
| 490 |
0 |
|
|a Área de pensamiento estratégico
|
| 504 |
|
|
|a Bibliografía: p. 59
|
| 650 |
|
4 |
|9 16047
|a Innovación
|
| 650 |
|
4 |
|9 14742
|a Tecnologia
|
| 650 |
|
4 |
|9 14571
|a Ahorro de energía
|
| 653 |
|
|
|a Sistemas electricos
|
| 653 |
|
|
|a Almacenadores de energia
|
| 700 |
2 |
|
|9 42175
|a Del Ross, Alberto
|
| 710 |
2 |
|
|9 39302
|a Cámara Argentina de la Construcción
|
| 908 |
|
|
|a Imp
|
| 930 |
|
|
|e 10715
|
| 942 |
|
|
|2 udc
|
| 945 |
|
|
|a MIA
|d 2016-05-10
|
| 999 |
|
|
|c 6369
|d 6369
|